LEADER 01923nam a2200325 u 4500 001 000000034727 003 CaOOAMICUS 005 20070226112514.0 008 980211m19391942it u000 u lat u 035 $a10782184 040 $aPUL(R)$bita$dPUL(R) 100 1 $aCicognani, Amleto Giovanni,$ccard., arciv. tit. di Laodicea,$d1883-1973.$0(OLS)http://pul/name/10296 245 10$aCommentarium ad librum primum codicis iuris canonici /$cauctore Hamleto Joanne Cicognani ... ; recognitum et auctum a sac. Dino Staffa .. 260 $aRomae :$bex officina typographica romana "Buona stampa",$c1939-1952. 300 $a2 v. ;$c23 cm 500 $aInclude indici. 500 $aIn testa al front.: Pontificium Institutum Utriusque Iuris. 504 $aBibliografia in nota. 630 04$aCodex iuris canonici$xCommenti.$0(OLS)http://pul/subject/10175 700 1 $aStaffa, Dino,$ccard.,$d1906-1977.$0(OLS)http://pul/name/11569 710 2 $aPontificia Università Lateranense.$bPontificium Institutum Utriusque Iuris.$0(OLS)http://pul/name/1777 850 $aPUL 852 $aPUL$W1$xSL Diritto Canonico 1$y5$m150 A 11-12$j47503$nBK-PRI$b $qStampati$B47503$CPULBib$Z2$F47503 $H $81 852 $aPUL$W1$xSL Diritto Canonico 1$y5$m150 A 11-12$j47503$nBK-PRI$b $qStampati$B47504$CPULBib$Z2$F47504 $H $81 852 $aPUL$W1$xDP1 Fondo Ciprotti$y59$m1543 A 25-26$j47505$nBK-PRI$b $qFondi$B47505$CPULBib$Z2$F47505 $H $81 852 $aPUL$W1$xDP1 Fondo Ciprotti$y59$m1543 A 25-26$j47505$nBK-PRI$b $qFondi$B47506$CPULBib$Z2$F47506 $H $81 941 1 $a8 941 1 $a1 996 $6245$aCommentarium ad librum primum codicis iuris canonici$9(OLS)http://pul/title/47856 996 $6260$aRomae :$bex officina typographica romana "Buona stampa"$9(OLS)http://pul/publisher/62177 LEADER 01746nam a2200373 u 4500 001 000000074966 003 CaOOAMICUS 005 20070226123040.0 008 021219s1994 sz u000 u fre u 020 $a2827106647(Editions Universitaires Fribourg Suisse) 020 $a2204050083(Cerf) 035 $a10949480 040 $aPUL$bita 100 1 $aAbaelardus, Petrus,$d1079-1142.$0(OLS)http://pul/name/7147 240 10$aGruppi, scelte$9(Abaelardus, Petrus, 1079-1142).$lFrancese.$0(OLS)http://pul/title/98325 245 10$aAbélard, ou la philosophie dans le langage /$cprésentation, choix de textes, bibliographie par Jean Jolivet. 260 $aFribourg :$bÉditions Universitaires ;$aParis :$bLes Éditions du Cerf,$cc1994. 300 $a214 p. ;$c22 cm 490 1 $aVestigia ;$v14 504 $aBibliografia: p. [209]-212. 700 1 $aJolivet, Jean,$d1925-$0(OLS)http://pul/name/3629 830 0$aVestigia (Cerf) ;$v14.$0(OLS)http://pul/title/25052 850 $aPUL 852 $aPUL$W1$xDP2 Cons. Gen., Altre Classi 1$y61$m1393 B 5.14$j96573$nBK-PRI$b $qStampati$B96573$CPULBib$Z2$F96573 $81 900 $aPietro Abelardo,$d1079-1142$97147 900 $aAbelardo, Pietro,$d1079-1142$97147 900 $aPetrus Palatinus,$d1079-1142$97147 941 1 $a8 961 $aINV: 89392 996 $6020$a2827106647(Editions Universitaires Fribourg Suisse)$9(OLS)http://pul/number/97570 996 $6020$a2204050083(Cerf)$9(OLS)http://pul/number/97571 996 $6245$aAbélard, ou la philosophie dans le langage$9(OLS)http://pul/title/98326 996 $6260$aFribourg :$bÉditions Universitaires$9(OLS)http://pul/publisher/52852 996 $6260$aParis :$bLes Éditions du Cerf$9(OLS)http://pul/publisher/47861